Statistics for WNBA Teams

Click here to take the quiz!

General Stats

  • This quiz has been taken 10 times
  • The average score is 10 of 12

Answer Stats

ArenaConferenceTeam% Correct
Wintrust ArenaEasternChicago Sky
100%
Crypto.com ArenaWesternLos Angeles Sparks
100%
Mohegan Sun ArenaEasternConnecticut Sun
89%
Michelob Ultra ArenaWesternLas Vegas Aces
89%
Target CenterWesternMinnesota Lynx
89%
Barclays CenterEasternNew York Liberty
89%
Climate Pledge ArenaWesternSeattle Storm
89%
Gateway Center ArenaEasternAtlanta Dream
78%
College Park CenterEasternDallas Wings
78%
Footprint CenterWesternPhoenix Mercury
78%
Gainbridge FieldhouseEasternIndiana Fever
67%
Chase Center (release 25-26)WesternGolden State
44%

Score Distribution

Percentile by Number Answered

Percent of People with Each Score

Your Score History

You have not taken this quiz